Normal view
MARC view
- BENTON J M
Entry Personal Name
001 - CONTROL NUMBER
- control field: 7579
003 - CONTROL NUMBER IDENTIFIER
- control field: OSt
005 - DATE AND TIME OF LATEST TRANSACTION
- control field: 20220930103051.0
008 - FIXED-LENGTH DATA ELEMENTS
- fixed length control field: 220930|| aca||aabn | a|a d
040 ## - CATALOGING SOURCE
- Original cataloging agency: OSt
- Transcribing agency: OSt
100 ## - HEADING--PERSONAL NAME
- Personal name: BENTON J M
670 ## - SOURCE DATA FOUND
- Source citation: Work cat.: (OSt)12049: BENTON J M , A DOOR AJAR